Ładuje się......

GURUVAYOOR SATYHYAGRAMAM

Opis bibliograficzny
1. autor: RAJAN E
Format: Printed Book
Wydane: KOZHIKODE MATHRUBHOOMI BOOKS 2015
Hasła przedmiotowe:
LEADER 00483nam a2200169 4500
020 |a 9  |c 280.0 
082 |a 954.83 RAJ 
100 |a RAJAN E 
245 |a GURUVAYOOR SATYHYAGRAMAM  |h Malayalam 
250
260 |a KOZHIKODE  |b MATHRUBHOOMI BOOKS  |c 2015 
300 |a 312 p  |f PB 
650 |a GURUVAYOOR SATYHYAGRAMAM 
700
942 |c BK 
999 |c 158360  |d 158360 
952 |0 0  |1 0  |4 0  |6 954_830000000000000_RAJ  |7 0  |9 171817  |a ORI  |b ORI  |g 280.00  |l 0  |o 954.83 RAJ  |p ORI8276  |r 2019-10-25  |w 2019-10-25  |y BK